000 00778nam a2200205 u 4500
001 000024828
005 20200930023408.0
008 110204s1971 sp r 000 0 spa d
040 _aDO-SdBNP
_bspa
_cBNPHU
041 1 7 _aspa
_hita
_2Código de idiomas MARC
082 _ann*
_bnn*
100 1 _aRavier, André.
_950953
240 1 0 _aLettere al genitori e agli educatori per i tempi di rivoluzione.
_lEspañol
245 1 0 _aCartas a los padres y educadores para tiempos de revolución /
_cAndré Ravier ; introducción de Sandra Bartolini.
260 _aMadrid :
_bNarcea,
_c1971.
300 _a216 p. ;
_c19 cm.
534 _aTítulo original :
_tLettere al genitori e agli educatori per i tempi di rivoluzione
700 1 _aBartolini, Sandra,
_eintrod.
_950954
049 _aBNGR
999 _c24321
_d24321